000 00943nac a22003017a 4500
001 BR7803737
003 BR-BrBNA
005 20240105114242.0
008 230509b bl.|||m| |||| 00| 0 por d
040 _aBR-BrBNA
_bpor
_cBiblioteca Nacional de Agricultura
072 _aK50
090 _a8914 BR7803737
100 1 _aFoelkel, C.E.B.
100 1 _aCouto, L.C.
100 1 _aKato, J.
110 1 _aCelulose Nipo-Brasileira S.A., Belo Oriente, MG
_91354
245 1 _aA utilizacao da serragem de madeira de eucalipto na producao de polpa celulosica
260 3 _aBelo Oriente, MG (Brasil):
_c1978.
300 _a21 p.
490 _aCENIBRA Pesquisa. Serie Perdas, Poluicao, Sub-produtos (Brazil)
_vno. 89
_x
500 _a12 tables; Summary (En)
650 _aIndustria florestal
650 _aSerragem
650 _aPolpa
650 _aEucalipto
909 _a202312
_bLúcia Elande
_c55
_dLúcia Elande
942 _2AGRIS
_n0
_cMS
999 _c268272
_d268272